O Cochemskej praxi a možnostiach jej uplatnenia v Slovenskej republike

Analýza procesného postupu uplatňovaného súdmi v rodinnoprávnych veciach. Ide o tzv. Cochemskú prax, ktorá sa doposiaľ úspešne uplatňuje len v zahraničí, no rozhodne by jej aplikácia mala opodstatnenie aj v praxi slovenských súdov. Podstatné informácie o predmetnej praxi, náčrt doterajších skúsenost...

Ausführliche Beschreibung

Gespeichert in:
Bibliographische Detailangaben
1. Verfasser: Čipková, Tamara
Weitere Verfasser: Janská, Petra
Format: Buchkapitel
Sprache:Slowakisch
Schlagworte:
Tags: Tag hinzufügen
Keine Tags, Fügen Sie das erste Tag hinzu!

MARC

LEADER 00000naa a2200000 4500
001 0249279
005 20181203102415.4
041 0 |a slo 
044 |a SK 
245 1 0 |a O Cochemskej praxi a možnostiach jej uplatnenia v Slovenskej republike  |c Tamara Čipková, Petra Janská 
520 |a Analýza procesného postupu uplatňovaného súdmi v rodinnoprávnych veciach. Ide o tzv. Cochemskú prax, ktorá sa doposiaľ úspešne uplatňuje len v zahraničí, no rozhodne by jej aplikácia mala opodstatnenie aj v praxi slovenských súdov. Podstatné informácie o predmetnej praxi, náčrt doterajších skúseností s jej využitím v Českej republike a možnosti jej uplatnenia v Slovenskej republike na podklade legislatívnej úpravy. 
610 2 0 |a starostlivosť o deti 
610 2 0 |a Slovensko 
610 2 0 |a Európska únia 
610 2 0 |a procesy sociálne 
610 2 0 |a legislatíva 
610 2 0 |a rozvodovosť 
100 1 |a Čipková, Tamara 
700 1 |a Janská, Petra